000 01130nam0a22002891 4500
001 rc\3357313
005 20130115152629.9
021 _aRU
_b74-82688
021 _aRU
_bРг12014-74
035 _a(NLR Aleph) 007439816
090 _a7103542
_c7103542
100 _a20130115d1974 |||y0rusy50 ca
101 0 _arus
102 _aRU
105 _ay z |||||
200 1 _aИз истории классовой борьбы в Чечено-Ингушетии в первые годы новой экономической политики (1921-1925 годы)
_e(Метод. рекомендации)
_fДом полит. просвещения Чечено-Ингуш. обкома КПСС
210 _aГрозный
_cГрознен. рабочий
_d1974
215 _a35 с.
_d20
225 1 _aВ помощь пропагандисту, лектору
320 _aБиблиогр.: с. 35
700 1 _aЛоов
_bИ. Р.
_gИналь Романович
701 1 _aПархоменко
_bМ. М.
801 0 _aRU
_bNLR
_gpsbo
801 1 _aRU
_bELAR
_2rusmarc
852 _aNLR
_j74-4/22285
942 _cBOOK
980 _aNB